000 01110nam a2200241Ia 4500
001 209
003 GE_BSU
008 181216s||||||||xx |||||||||||||| ||und||
020 _a9994059720
040 _cGE_BSU
080 _a821.353.1(038)+81'374(038)=351.1'01
245 _aძველი ქართული აგიოგრაფიული ლიტერატურის ძეგლები. სიმფონია-ლექსიკონი II. მ–რ
245 _bძველი ქართული აგიოგრაფიული ლიტერატურის ძეგლები; II ნაკვ.
245 _cრედ.:ნარგიზა გოგუაძე;სარჯველაძე ზურაბ;მზექალა შანიძე
260 _aთბილისი
260 _bარტანუჯი
260 _c2007
300 _a418გვ.
541 _h40ლ.
653 _aმ–რ
653 _aქართული აგიოგრაფიული ლიტერატურის ძეგლები
942 _cBK
999 _c34460
_d34460